000 00720cam a2200253 4500500
005 20260405003642.0
041 _afre
042 _adc
100 1 0 _aEltchaninoff, Michel
_eauthor
245 0 0 _aVolodymyr Yermolenko : un penseur dans la guerre
260 _c2023.
500 _a26
690 _aEmpire
690 _aGuerre
690 _aHumanitaire
690 _aImpérialisme
690 _aInvasion
690 _aPoutine
690 _aRussie
690 _aUkraine
690 _aVolodymyr Yermolenko
786 0 _nPhilosophie magazine | 167 | 2 | 2023-03-01 | p. 22-23 | 1951-1787
856 4 1 _uhttps://shs.cairn.info/magazine-philosophie-magazine-2023-2-page-22?lang=fr&redirect-ssocas=7080
999 _c2069633
_d2069633